[Event "AUTO-BEG-586"]
[Site "http://www.queenalice.com/game.php?id=1190703"]
[Date "2013.6.13"]
[Round "1"]
[White "Epilos"]
[Black "bruno2009fc"]
[Result "1-0"]
[WhiteElo "1364"]
[BlackElo "1442"]

1. e4 c5 2. Bc4 e5 3. Qf3 Nf6 4. d3 Be7 5. Nc3 O-O 6. Bg5 h6 7. Be3 d6 8. Nh3
Nc6 9. Nd5 Nd4 10. Bxd4 cxd4 11. Nxf6+ Bxf6 12. O-O a6 13. Bd5 Rb8 14. c3 dxc3
15. bxc3 b5 16. Rab1 Bd7 17. d4 exd4 18. cxd4 Qc8 19. e5 dxe5 20. dxe5 Bxe5 21.
Rbc1 Qd8 22. Rfe1 Bc7 23. Nf4 Bxf4 24. Qxf4 Bc8 25. Red1 Qf6 26. Qxf6 gxf6 27.
Rc7 Kg7 28. Bb3 b4 29. Rd4 Kg8 30. Rd6 Kg7 31. f4 Rb7 32. Rxb7 Bxb7 33. Rb6 Be4
34. Rxa6 Re8 35. Kf2 Bd3 36. Rb6 Re2+ 37. Kf3 Re1 38. Rxb4 Rf1+ 39. Ke3 Bg6 40.
g3 Rh1 41. h4 f5 42. a4 Re1+ 43. Kf2 Rb1 44. a5 Rb2+ 45. Ke3 Bh5 46. a6 Re2+ 47.
Kd3 Rf2 48. a7 Rf3+ 49. Kc4 Re3 50. a8=Q Re4+ 51. Kb5 Be2+ 52. Bc4 Bxc4+ 53.
Rxc4 1-0

[Event "AUTO-BEG-586"]
[Site "http://www.queenalice.com/game.php?id=1190704"]
[Date "2013.6.13"]
[Round "1"]
[White "bruno2009fc"]
[Black "Epilos"]
[Result "1-0"]
[WhiteElo "1409"]
[BlackElo "1321"]

1. d4 d5 2. c4 dxc4 3. e4 Nc6 4. f3 Qxd4 5. Nc3 e5 6. Qxd4 Nxd4 7. Nge2 Nc2+ 8.
Kd1 Nxa1 9. Ng3 Bb4 10. Bxc4 Bxc3 11. bxc3 Nf6 12. Bb2 Be6 13. Bxe6 fxe6 14.
Bxa1 O-O-O+ 15. Ke2 Rhf8 16. c4 Rd6 17. Bc3 Nd7 18. c5 Ra6 19. Bb4 Rxa2+ 20. Ke3
a5 21. c6 axb4 22. cxd7+ Kxd7 23. Rd1+ Kc6 24. Rc1+ Kb5 25. Rxc7 Ra3+ 26. Kf2
Ra2+ 27. Ne2 b6 28. Rxg7 h5 29. Rg6 b3 30. Rxe6 b2 31. Nc3+ Kb4 32. Nxa2+ Ka3
33. Nc3 Kb3 34. Nb1 Ka2 35. Nc3+ Kb3 36. Nb1 b5 37. Rxe5 b4 38. Ke3 Ka2 39. Nd2
Rb8 40. Ra5# 1-0

[Event "AUTO-BEG-586"]
[Site "http://www.queenalice.com/game.php?id=1190723"]
[Date "2013.6.13"]
[Round "1"]
[White "bruno2009fc"]
[Black "Guigafmoraes"]
[Result "1-0"]
[WhiteElo "1419"]
[BlackElo "1324"]

1. d4 d5 2. c4 c6 3. Nc3 Nf6 4. Bg5 e6 5. a3 Be7 6. Nf3 Nbd7 7. e3 Ne4 8. Bxe7
Qxe7 9. cxd5 exd5 10. Bd3 f5 11. O-O O-O 12. h3 h6 13. Nh2 Ndf6 14. Nxe4 1-0

[Event "AUTO-BEG-586"]
[Site "http://www.queenalice.com/game.php?id=1190724"]
[Date "2013.6.13"]
[Round "1"]
[White "Guigafmoraes"]
[Black "bruno2009fc"]
[Result "0-1"]
[WhiteElo "1312"]
[BlackElo "1431"]

1. d4 d5 2. c4 e6 3. Nf3 Bb4+ 4. Bd2 Bxd2+ 5. Nbxd2 Nf6 6. e3 Nc6 7. Rc1 O-O 8.
cxd5 exd5 9. a3 Bg4 10. Be2 Re8 11. O-O Bxf3 12. Nxf3 h6 13. b4 Ne7 14. Qc2 c6
0-1

[Event "Challenge"]
[Site "http://www.queenalice.com/game.php?id=1195290"]
[Date "2013.6.29"]
[Round "-"]
[White "Rogerio11"]
[Black "bruno2009fc"]
[Result "0-1"]
[WhiteElo "1371"]
[BlackElo "1394"]

1. e4 c5 2. Bc4 Nc6 3. Qf3 Nf6 4. g4 Ne5 5. Qe3 Nxc4 6. Qxc5 Nb6 7. e5 Nxg4 8.
f3 e6 9. Qb5 a6 10. Qd3 Nxe5 11. Qe3 Nc6 12. d4 h6 13. Nc3 Bb4 14. Nh3 Nd5 15.
Nf4 Nxe3 16. Bxe3 Bxc3+ 17. bxc3 Qh4+ 18. Ke2 O-O 19. c4 Re8 20. Ng2 Qf6 21. d5
exd5 22. cxd5 Nd4+ 23. Kd3 Nxf3 24. Rhf1 d6 25. Nf4 Bf5+ 26. Ke2 Nd4+ 27. Kd1
Rxe3 28. Nh5 Bg4+ 29. Rf3 Qxf3+ 30. Kc1 Qe2 31. Nf4 Qxc2# 0-1

[Event "Challenge"]
[Site "http://www.queenalice.com/game.php?id=1197910"]
[Date "2013.7.7"]
[Round "-"]
[White "MLGF"]
[Black "bruno2009fc"]
[Result "1-0"]
[WhiteElo "1618"]
[BlackElo "1439"]

1. d4 d5 2. Nc3 e6 3. Nf3 Bb4 4. Bd2 Nf6 5. a3 Bxc3 6. Bxc3 O-O 7. e3 a6 8. Bd3
Nc6 9. O-O Re8 10. Re1 h6 11. e4 dxe4 12. Bxe4 Nxe4 13. Rxe4 e5 14. dxe5 Qxd1+
15. Rxd1 Bf5 16. Re2 Bg4 17. Rd3 Rad8 18. Rxd8 Rxd8 19. h3 Bxf3 20. gxf3 Rd1+
21. Kg2 Nd4 22. Bxd4 Rxd4 23. c3 Rd5 24. e6 fxe6 25. Rxe6 Rd2 26. b3 Rd3 27. Re3
Rd5 28. c4 Rd6 29. Kg3 Rg6+ 30. Kf4 Rf6+ 31. Ke5 Kf7 32. Rd3 Re6+ 33. Kf5 Rf6+
34. Kg4 Rg6+ 35. Kf4 Rf6+ 36. Ke3 Re6+ 37. Kd2 Rd6 38. Rxd6 cxd6 39. Ke3 Kf6 40.
Kf4 g5+ 41. Kg4 b5 42. cxb5 axb5 43. f4 d5 44. Kf3 Kf5 45. Ke3 gxf4+ 46. Kd4 h5
47. Kxd5 f3 48. Kc5 Ke4 49. a4 Kd3 50. a5 Ke2 51. a6 Kxf2 52. a7 Kg3 53. a8=Q f2
54. Qa1 Kg2 55. Qg7+ Kxh3 56. Qf6 Kg2 57. Qg5+ Kh2 58. Qxh5+ Kg2 59. Qg4+ 1-0

[Event "Challenge"]
[Site "http://www.queenalice.com/game.php?id=1205932"]
[Date "2013.8.7"]
[Round "-"]
[White "eduardocosta"]
[Black "bruno2009fc"]
[Result "1/2-1/2"]
[WhiteElo "1676"]
[BlackElo "1423"]

1. e3 d5 2. Be2 e5 3. Nf3 Nc6 4. Bb5 Ne7 5. Nxe5 Be6 6. Nc3 a6 7. Bxc6+ Nxc6 8.
Nxc6 bxc6 9. Ne2 Bb4 10. c3 Bc5 11. d4 Bb6 12. Nf4 O-O 13. Nxe6 fxe6 14. Qg4 Qf6
15. O-O e5 16. dxe5 Qxe5 17. Qg3 Qxg3 18. fxg3 Rxf1+ 19. Kxf1 Rf8+ 20. Ke2 c5
21. Bd2 d4 22. exd4 cxd4 23. cxd4 Bxd4 24. Bc3 Bxc3 25. bxc3 Re8+ 26. Kf2 Rd8
27. Ke3 Re8+ 28. Kd3 Rf8 29. Ke3 Re8+ 30. Kf3 Rd8 31. Ke3 Re8+ 32. Kf3 Rd8 33.
Ke3 1/2-1/2

[Event "AUTO-BEG-586"]
[Site "http://www.queenalice.com/game.php?id=1212480"]
[Date "2013.8.28"]
[Round "2"]
[White "bruno2009fc"]
[Black "Lordofchess"]
[Result "1-0"]
[WhiteElo "1430"]
[BlackElo "1343"]

1. d4 d5 2. c4 dxc4 3. e4 c3 4. Nxc3 e6 5. a3 b6 6. Bb5+ Bd7 7. Bxd7+ Qxd7 8.
Nf3 Be7 9. O-O Nh6 10. Bxh6 gxh6 11. d5 exd5 12. Qxd5 Rg8 13. Qxa8 Qc8 14. Nd5
c6 15. Nxe7 Kxe7 16. Qxa7+ Kf6 17. e5+ Kg7 18. Qxb6 Kh8 19. Qd4 c5 20. Qc3 Re8
21. e6+ Kg8 22. exf7+ Kxf7 23. Ne5+ Kf8 24. Qf3+ Ke7 25. Rfe1 Qa6 26. Nc6+ Kd7
27. Rad1+ Kc7 28. Rxe8 Nxc6 29. Qf4+ Kb6 30. Rb8+ Nxb8 31. Qxb8+ Ka5 32. Qc7+
Kb5 33. Qb8+ Ka5 34. Qc7+ Kb5 35. Qd7+ Kc4 36. Qd3# 1-0

[Event "AUTO-BEG-586"]
[Site "http://www.queenalice.com/game.php?id=1212481"]
[Date "2013.8.28"]
[Round "2"]
[White "Lordofchess"]
[Black "bruno2009fc"]
[Result "0-1"]
[WhiteElo "1330"]
[BlackElo "1443"]

1. e4 c5 2. d3 Nc6 3. Qh5 e6 4. Nf3 Nf6 5. Qh4 Be7 6. Bg5 O-O 7. Bxf6 Bxf6 8.
Qh5 h6 9. h4 Nd4 10. Nxd4 Bxd4 11. g4 f6 12. Qg6 Bxb2 13. Be2 Bxa1 14. g5 fxg5
15. hxg5 Qxg5 16. Bh5 Qxg6 17. Bxg6 Bd4 18. Rh2 d5 19. f3 Rxf3 20. Ke2 Rf8 21.
Na3 a6 22. Nb1 dxe4 23. Bxe4 e5 24. Nd2 Bf5 25. Bd5+ Kh8 26. Bxb7 Ra7 27. Bd5
Bc3 28. Nf3 Re7 29. Rf2 Bg4 30. Be4 Bd4 31. Rf1 c4 32. dxc4 Bxf3+ 33. Bxf3 e4
34. Bg2 Rxf1 35. Bxf1 Rb7 36. Bg2 Rb2 37. Bxe4 Rxa2 38. Kd3 Bc5 39. c3 a5 40.
Bc6 a4 41. Ke4 a3 42. Kd5 Ba7 43. c5 Rd2+ 44. Kc4 a2 0-1

[Event "AUTO-BEG-586"]
[Site "http://www.queenalice.com/game.php?id=1212482"]
[Date "2013.8.28"]
[Round "2"]
[White "bruno2009fc"]
[Black "tigre89"]
[Result "0-1"]
[WhiteElo "1454"]
[BlackElo "1395"]

1. d4 d6 2. e4 e5 3. dxe5 f6 4. exf6 Nxf6 5. Nc3 Bg4 6. Be2 h5 7. Bg5 Be7 8.
Bxf6 Bxf6 9. Bxg4 Nc6 10. Bf3 Qe7 11. Nge2 O-O-O 12. O-O g5 13. h3 Nd4 0-1

[Event "AUTO-BEG-586"]
[Site "http://www.queenalice.com/game.php?id=1212483"]
[Date "2013.8.28"]
[Round "2"]
[White "tigre89"]
[Black "bruno2009fc"]
[Result "1-0"]
[WhiteElo "1413"]
[BlackElo "1436"]

1. e4 c5 2. c4 Nc6 3. Nc3 e5 4. Nf3 d6 5. d3 h6 6. Nd5 Nf6 7. Be2 Nxd5 8. cxd5
Nd4 9. Nxd4 cxd4 10. O-O Be7 11. Qa4+ Bd7 12. Qb4 b6 13. a4 a5 14. Qd2 1-0

[Event "AUTO-BEG-586"]
[Site "http://www.queenalice.com/game.php?id=1224738"]
[Date "2013.10.15"]
[Round "3"]
[White "Lordofchess"]
[Black "bruno2009fc"]
[Result "1-0"]
[WhiteElo "1519"]
[BlackElo "1406"]

1. e4 c5 2. d4 e6 3. e5 a6 4. Bc4 h6 5. Be3 cxd4 6. Bxd4 d5 7. exd6 Bxd6 8. Bxg7
Rh7 9. Qd4 Nc6 10. Qg4 Nf6 11. Bxf6 Qxf6 12. Qg8+ Bf8 13. Qxh7 Qxb2 14. c3 Qxa1
15. Nf3 b5 16. Bb3 Qb2 17. Qe4 Bd7 18. O-O O-O-O 19. Ne5 Nxe5 20. Qxe5 a5 21.
Re1 b4 22. Qxa5 bxc3 23. Nxc3 Qd2 24. Rd1 Qg5 25. Qa6+ Kc7 26. Qc4+ Qc5 27. Qf4+
Kc8 28. Ne4 Qc7 29. Qxf7 Bc6 30. Qxe6+ Kb8 31. Rxd8+ Qxd8 32. Qxc6 Qd4 33. Ng3
Bc5 34. Qf3 h5 35. Qf7 h4 36. Bd5 Qb4 37. Nf1 Qb6 38. Qf4+ Bd6 39. Qxh4 Qc7 40.
Qh8+ Qc8 41. Qb2+ Ka7 42. Qd4+ Bc5 43. Qa4+ Qa6 44. Qd7+ Kb8 45. h4 Qa7 46. Qd8#
1-0

[Event "AUTO-BEG-586"]
[Site "http://www.queenalice.com/game.php?id=1224739"]
[Date "2013.10.15"]
[Round "3"]
[White "bruno2009fc"]
[Black "Lordofchess"]
[Result "0-1"]
[WhiteElo "1419"]
[BlackElo "1483"]

1. d4 d5 2. c4 dxc4 3. e4 e5 4. Bxc4 Qxd4 5. Qxd4 exd4 6. Nf3 Bc5 7. O-O Nf6 8.
Re1 O-O 9. Bg5 Ng4 10. h3 h6 11. Bh4 Nf6 12. Bxf6 gxf6 13. Nbd2 Be6 14. e5 fxe5
15. Bxe6 fxe6 16. Nxe5 Bb4 17. a3 Bxd2 18. Red1 Bf4 19. Ng6 Rf6 20. Nxf4 Rxf4
21. g3 Re4 22. Rac1 c6 23. Rc4 e5 24. Kg2 Nd7 25. Rb4 b5 26. a4 a6 27. axb5 axb5
28. Rb3 Re2 29. Rf3 Rxb2 30. g4 c5 31. h4 Nf8 32. Rf6 e4 33. Rxh6 Ra3 34. Rc6
Rf3 35. Rxc5 Rbxf2+ 36. Kg1 e3 37. Re5 Rg3+ 38. Kh1 e2 39. Rg1 Rh3# 0-1

[Event "AUTO-BEG-586"]
[Site "http://www.queenalice.com/game.php?id=1224744"]
[Date "2013.10.15"]
[Round "3"]
[White "bruno2009fc"]
[Black "tigre89"]
[Result "0-1"]
[WhiteElo "1442"]
[BlackElo "1411"]

1. d4 d5 2. c4 c6 3. Nc3 e6 4. a3 Bd6 5. cxd5 cxd5 6. Nf3 Nf6 7. Bg5 O-O 8. e3
Qb6 9. Bxf6 Qxb2 10. Qc1 Bxa3 11. Ne2 Bb4+ 12. Nd2 Bxd2+ 13. Qxd2 Qxa1+ 14. Nc1
Bd7 15. Be7 Rc8 16. Be2 Rxc1+ 17. Bd1 Ba4 18. O-O Bxd1 19. h3 Nc6 20. Bc5 Na5
21. Kh2 Nb3 22. Qb4 Nd2 23. Rh1 Ne4 24. Qxb7 Re8 25. Qd7 Nf6 26. Qd6 Qa2 27. Kg3
Ne4+ 0-1

[Event "AUTO-BEG-586"]
[Site "http://www.queenalice.com/game.php?id=1224745"]
[Date "2013.10.15"]
[Round "3"]
[White "tigre89"]
[Black "bruno2009fc"]
[Result "0-1"]
[WhiteElo "1428"]
[BlackElo "1425"]

1. e4 c5 2. c4 Nc6 3. d3 h6 4. Nf3 e5 5. Be2 d6 6. Nc3 Nf6 7. Nd5 Nxd5 8. cxd5
Nd4 9. O-O Be7 10. Nxd4 cxd4 11. Qa4+ Bd7 12. Qb4 O-O 13. Bxh6 gxh6 14. Bh5 a6
15. Qd2 Bg5 16. Qe2 Bb5 17. Qf3 Qf6 18. Qxf6 Bxf6 19. Rfd1 Rac8 20. b4 Rc3 21.
g3 Rxd3 22. Rac1 Rxd1+ 23. Rxd1 d3 24. h4 Rc8 25. a3 Rc2 26. Kg2 d2 27. f3 Ba4
28. Kh3 Ra2 29. Rc1 dxc1=Q 30. g4 Qh1+ 31. Kg3 Qh2# 0-1

[Event "AUTO-BEG-586"]
[Site "http://www.queenalice.com/game.php?id=1224746"]
[Date "2013.10.15"]
[Round "3"]
[White "bruno2009fc"]
[Black "Epilos"]
[Result "1-0"]
[WhiteElo "1485"]
[BlackElo "1562"]

1. d4 d5 2. c4 dxc4 3. e4 e6 4. Bxc4 Bb4+ 5. Nc3 Bxc3+ 6. bxc3 e5 7. d5 Nf6 8.
f3 Bd7 9. Ne2 Na6 10. Bxa6 bxa6 11. O-O Nh5 12. Be3 Nf4 13. Nxf4 exf4 14. Bxf4
g5 15. Bg3 h5 16. f4 gxf4 17. Bxf4 Bg4 18. Qd4 Rb8 19. Qxh8+ Kd7 20. Qxd8+ Rxd8
21. Bg5 Rg8 22. Rxf7+ Kd6 23. h4 Ke5 24. Re1 a5 25. Re7+ Kd6 26. e5+ Kxd5 27.
Rxc7 a6 28. Ra7 Re8 29. Rxa6 a4 30. Ra5+ Ke6 31. Rxa4 Kf5 32. c4 Rxe5 33. Rxe5+
Kxe5 34. Ra5+ Kd4 35. c5 Kd5 36. a4 Kc6 37. Bd8 Kb7 38. Bb6 Kc6 39. Ra7 Kd5 40.
Rc7 Ke6 41. a5 Kd5 42. a6 Kc4 43. a7 Bf5 44. a8=Q Bd3 45. Qa4+ Kd5 46. Qc6+ Kc4
47. Qe6+ Kc3 48. Ra7 Kd2 49. Ra2+ Bc2 50. Ba5+ Kc1 51. Qe1+ Bd1 52. Qd2+ Kb1 53.
Qb2# 1-0

[Event "AUTO-BEG-586"]
[Site "http://www.queenalice.com/game.php?id=1224747"]
[Date "2013.10.15"]
[Round "3"]
[White "Epilos"]
[Black "bruno2009fc"]
[Result "0-1"]
[WhiteElo "1588"]
[BlackElo "1395"]

1. e4 c5 2. Bc4 Nc6 3. Qf3 Nf6 4. e5 Nxe5 5. Qf4 Nxc4 6. Qxc4 e5 7. Nf3 d6 8. d3
h6 9. Be3 Be7 10. Nc3 O-O 11. O-O Be6 12. Qa4 Nd5 13. Nxd5 Bxd5 14. c4 Bc6 15.
Qb3 Re8 16. Qd1 Bf6 17. Qe2 e4 18. dxe4 Bxe4 19. Rad1 Bc6 20. b3 a6 21. Qc2 Bxf3
22. gxf3 Bg5 23. Bxg5 Qxg5+ 24. Kh1 Qf4 25. Rd3 Re5 26. Rd5 Rae8 27. Rxd6 Rh5
28. Rxh6 Qxh2# 0-1

[Event "Let's Play !"]
[Site "http://www.queenalice.com/game.php?id=1231804"]
[Date "2013.11.12"]
[Round "-"]
[White "digger"]
[Black "bruno2009fc"]
[Result "0-1"]
[WhiteElo "1563"]
[BlackElo "1465"]

1. c3 d5 2. d4 Nc6 3. Qd3 h6 4. e4 e6 5. exd5 exd5 6. c4 dxc4 7. Qxc4 Qxd4 8.
Qxd4 Nxd4 9. Bd3 Bf5 10. Bxf5 Nxf5 11. Ne2 O-O-O 12. O-O Bc5 13. Nbc3 Nge7 14.
Bf4 Nd4 15. Ng3 Nef5 16. Nge4 Bb6 17. Rad1 Nc2 18. Rc1 Nb4 19. a3 Nd3 20. g3
Nxc1 21. Rxc1 a6 22. Na4 Rd4 23. Nac3 Rhd8 24. Kg2 Ba5 25. Nc5 Bxc3 26. bxc3 Rd1
27. Rc2 Ra1 28. Ne4 Rxa3 29. Nc5 b6 30. Ne4 g5 31. Bc1 Ra1 32. Bb2 Ra2 33. h3
Nd6 34. Nf6 Nc4 35. Ne4 Rxb2 36. Rxb2 Nxb2 37. Kf3 a5 38. Kg4 a4 39. Kf5 a3 40.
Kf6 a2 41. Kxf7 a1=Q 42. Kg6 Qb1 43. f3 Nc4 44. Kxh6 Nd2 45. Nxg5 Qf5 46. f4
Qf6+ 47. Kh5 Nf1 48. Kh4 Rh8+ 49. Kg4 Nh2# 0-1

[Event "Let's Play !"]
[Site "http://www.queenalice.com/game.php?id=1231839"]
[Date "2013.11.12"]
[Round "-"]
[White "bruno2009fc"]
[Black "digger"]
[Result "1-0"]
[WhiteElo "1419"]
[BlackElo "1589"]

1. d4 d5 2. c4 c6 3. cxd5 cxd5 4. Nc3 e6 5. a3 b6 6. Bf4 Nc6 7. e3 a6 8. Nf3 Nf6
9. Bd3 Be7 10. O-O O-O 11. Ne5 Nxe5 12. Bxe5 Nd7 13. Qh5 g6 14. Qh6 Nf6 15. Rad1
b5 16. e4 Ng4 17. Qg7# 1-0

[Event "Let's Play !"]
[Site "http://www.queenalice.com/game.php?id=1231843"]
[Date "2013.11.12"]
[Round "-"]
[White "digger"]
[Black "bruno2009fc"]
[Result "0-1"]
[WhiteElo "1585"]
[BlackElo "1441"]

1. c3 d5 2. d4 Nc6 3. Nf3 Bg4 4. Nh4 e6 5. h3 Bh5 6. g4 Qxh4 7. Bf4 Bg6 8. Bxc7
Be7 9. Bg3 Qf6 10. Nd2 Bd8 11. Qa4 Ne7 12. f3 O-O 13. Qb3 b6 14. O-O-O h6 15. h4
Na5 16. Qc2 Bxc2 17. Kxc2 Nc4 18. Nb3 Ne3+ 19. Kc1 Nxd1 20. Kxd1 a6 21. Nd2 Rc8
22. e3 Bc7 23. Bxc7 Rxc7 24. Bxa6 Ra8 25. Bd3 Rxa2 26. Kc2 e5 27. Rf1 exd4 28.
exd4 Qxh4 29. Be2 b5 30. Bxb5 Rb7 31. Kb3 Ra5 32. c4 dxc4+ 33. Kxc4 Raxb5 34. b3
Rb4+ 35. Kc3 Qf6 36. Kc2 Qxd4 37. Rd1 Rc7+ 38. Kb1 Qc3 39. Ka2 Ra7+ 40. Kb1
Rxb3+ 41. Nxb3 Qxb3+ 42. Kc1 Qc3+ 43. Kb1 Rb7+ 44. Ka2 Qb2# 0-1

[Event "Let's Play !"]
[Site "http://www.queenalice.com/game.php?id=1231844"]
[Date "2013.11.12"]
[Round "-"]
[White "bruno2009fc"]
[Black "digger"]
[Result "0-1"]
[WhiteElo "1504"]
[BlackElo "1570"]

1. d4 e6 2. e4 Qe7 3. Nf3 d5 4. e5 Bd7 5. a3 Nc6 6. Bb5 a6 7. Bxc6 Bxc6 8. O-O
O-O-O 9. Bg5 f6 10. exf6 gxf6 11. Bh4 Qg7 12. Nc3 Be7 13. Qd2 Nh6 14. h3 Rhg8
15. g3 Nf5 16. Rfe1 Nxh4 17. Nxh4 f5 18. Nf3 h5 19. h4 Bd6 20. Ne5 Rdf8 21. Qf4
Bxe5 22. Qxe5 Qg6 23. Qxe6+ Bd7 24. Qxd5 c6 25. Qc5 f4 26. Qe5 fxg3 27. fxg3 Rf5
28. Qe3 Qxg3+ 29. Qxg3 Rxg3+ 30. Kh2 Rff3 31. Rg1 Rh3+ 32. Kg2 Rf4 33. Rh1 Rfxh4
34. Rxh3 Rxh3 35. Rh1 Rxh1 36. Kxh1 Bf5 37. Kh2 Bxc2 38. Kh3 Kd7 39. Kh4 Bg6 40.
b4 Kd6 41. Kg5 b6 42. Kxg6 h4 43. Ne2 h3 44. Ng3 Kd5 45. Kg5 Kxd4 46. Kg4 h2 47.
Kh3 h1=R+ 48. Nxh1 Kc4 49. Nf2 Kb3 50. Nd3 Kxa3 51. Ne5 Kxb4 52. Nxc6+ Kc5 53.
Nb8 a5 54. Nd7+ Kb5 55. Kg3 a4 56. Ne5 a3 0-1